000 00270nam a2200121Ia 4500
008 190216s9999||||xx |||||||||||||| ||und||
100 _aBashkaran P
245 0 _aMukathodu Mukham
260 _bCurrent Books
_c1979
300 _a95p
650 _aKavithkal
942 _cBK
999 _c26455
_d26455